Financial institutions and markets : (Record no. 346470)
[ view plain ]
| 000 -LEADER | |
|---|---|
| fixed length control field | 00965 a2200193 4500 |
| 020 ## - INTERNATIONAL STANDARD BOOK NUMBER | |
| International Standard Book Number | 0070326398 (hardcover) |
| 020 ## - INTERNATIONAL STANDARD BOOK NUMBER | |
| International Standard Book Number | 9780070326392 (hardcover) |
| 082 04 - DEWEY DECIMAL CLASSIFICATION NUMBER | |
| Classification number | 332.15 |
| 090 ## - LOCALLY ASSIGNED LC-TYPE CALL NUMBER (OCLC); LOCAL CALL NUMBER (RLIN) | |
| -- | 4011 |
| -- | 4011 |
| 100 1# - MAIN ENTRY--PERSONAL NAME | |
| Personal name | Johnson, Hazel J. |
| 245 10 - TITLE STATEMENT | |
| Title | Financial institutions and markets : |
| Remainder of title | a global perspective / |
| Statement of responsibility, etc. | Hazel J. Johnson. |
| 260 ## - PUBLICATION, DISTRIBUTION, ETC. | |
| Place of publication, distribution, etc. | [S.l.] : |
| Name of publisher, distributor, etc. | McGraw-Hill Companies, |
| Date of publication, distribution, etc. | 1993. |
| 300 ## - PHYSICAL DESCRIPTION | |
| Extent | 560 p. ; |
| Dimensions | 27 cm. |
| 490 1# - SERIES STATEMENT | |
| Series statement | Mcgraw hill series in finance. |
| 520 ## - SUMMARY, ETC. | |
| Summary, etc. | This text is suitable for the upper level, undergraduate course offered in finance called "financial institutions and markets." An historical and global viewpoint of the development of financial institutions and markets is taller--rather than a mathematical orientation. This text is more descriptive than analytical. |
| 830 #0 - SERIES ADDED ENTRY--UNIFORM TITLE | |
| Uniform title | Mcgraw hill series in finance. |
| 856 40 - ELECTRONIC LOCATION AND ACCESS | |
| Materials specified | Amazon.com |
| Uniform Resource Identifier | <a href="http://www.amazon.com/exec/obidos/ASIN/0070326398/chopaconline-20">http://www.amazon.com/exec/obidos/ASIN/0070326398/chopaconline-20</a> |
| 942 ## - ADDED ENTRY ELEMENTS (KOHA) | |
| Institution code [OBSOLETE] | NBS |
| Koha item type | Book |
| Call number prefix | 332.15 JOH |
| Withdrawn status | Lost status | Damaged status | Not for loan | Permanent Location | Current Location | Date acquired | Total Checkouts | Full call number | Barcode | Date last seen | Date last checked out | Price effective from | Koha item type |
|---|---|---|---|---|---|---|---|---|---|---|---|---|---|
| Central Library (CL) | Central Library (CL) | 08/28/2013 | 1 | 332.15 JOH | NBS3477 | 11/22/2017 | 08/01/2017 | 08/28/2013 | Book | ||||
| Central Library (CL) | Central Library (CL) | 08/28/2013 | 1 | 332.15 JOH | NBS3476 | 11/22/2017 | 08/01/2017 | 08/28/2013 | Book |
